| 000 | 00952nam a2200253Ia 4500 | ||
|---|---|---|---|
| 003 | OSt | ||
| 005 | 20220916110903.0 | ||
| 006 | a|||||r|||| 00| 0 | ||
| 007 | ta | ||
| 008 | 220915b |||||||| |||| 00| 0 hin d | ||
| 024 | _a245982 | ||
| 037 | _cTextbook | ||
| 040 |
_bhin _aARTS _cARTS |
||
| 041 | _ahin | ||
| 082 | _aO152,1I80:g(P), K5 | ||
| 100 | _aशुक्ल, प्रभाकर; गुप्त, दीनदयाल, संपा. | ||
| 245 | 0 | _aजायसी की भाषा | |
| 246 | _aBaudh dharma ke 2500 varṣha | ||
| 260 |
_aलखनऊ _bविश्वविद्यालय हिंदी प्रकाशन भारत _c1965 |
||
| 300 |
_a354पृ0 _ccm. |
||
| 650 | _aहिन्दी साहित्य | ||
| 942 |
_hO152,1I80:g(P), K5 _cTB _2CC |
||
| 999 |
_c100461 _d100461 |
||